000 01041cam a22003253a 4500
001 10606
003 PGUSA
005 20140828083226.0
008 040101s2004||||xxu|||||s|||||000 | eng d
040 _aPGUSA
_beng
042 _adc
050 4 _aPR
100 1 _aShakespeare, William,
_d1564-1616
245 1 4 _aThe Tragedie of Hamlet, Prince of Denmark :
_bA Study with the Text of the Folio of 1623
_h[electronic resource] /
_cWilliam Shakespeare
260 _bProject Gutenberg,
_c2004
506 _aPublic domain in the USA.
516 _aElectronic text
653 _aPrinces -- Drama
653 _aDenmark -- Drama
653 _aRevenge -- Drama
653 _aHamlet (Legendary character) -- Drama
653 _aFathers -- Death -- Drama
653 _aKings and rulers -- Succession -- Drama
653 _aTragedies
653 _aMurder victims' families -- Drama
700 1 _aMacDonald, George,
_d1824-1905
830 0 _aProject Gutenberg
_v10606
856 4 0 _uhttp://www.gutenberg.org/ebooks/10606
942 _cEB
999 _c239861
_d239861